Words in time : a social history of English vocabulary /

Bibliographic Details
Main Author: Hughes, Geoffrey, 1939-
Format: Book
Language:English
Published: Oxford ; New York : Blackwell, 1988.
Series:Language library.
Subjects:

MARC

Tag First Indicator Second Indicator Subfields
LEADER 00000cam a22000008a 4500
001 in00000032362
005 20151007060507.0
008 871229s1988 enka b 00110 eng
010 |a  87035784  
020 |a 0631158324 :  |c $30.00 
035 |a (OCoLC)17354298 
035 |9 AAC0984AM 
040 |a DLC  |c DLC  |d TXA  |d UtOrBLW 
049 |a TXAM  |c [A11076150] 
050 0 0 |a PE1571  |b .H84 1988 
082 0 |a 423/.028  |2 19 
100 1 |a Hughes, Geoffrey,  |d 1939- 
245 1 0 |a Words in time :  |b a social history of English vocabulary /  |c Geoffrey Hughes. 
263 |a 8808 
264 1 |a Oxford ;  |a New York :  |b Blackwell,  |c 1988. 
300 |a 270 pages :  |b illustrations 
336 |a text  |b txt  |2 rdacontent 
337 |a unmediated  |b n  |2 rdamedia 
338 |a volume  |b nc  |2 rdacarrier 
490 1 |a Language library 
504 |a Bibliography: pages [253]-261. 
500 |a Includes indexes. 
650 0 |a Lexicology. 
650 0 |a English language  |x Etymology. 
650 0 |a English language  |x Social aspects. 
650 0 |a English language  |x History. 
830 0 |a Language library. 
999 |a MARS 
999 f f |s f7304124-baf8-3c74-be14-a01bba02425d  |i 8928d57d-d565-3637-8f92-ee3ff3d5fd52  |t 0 
952 f f |p ric  |a Texas A&M University  |b Rellis Campus  |c Joint Library Facility  |s JLF  |d Remote Storage  |t 0  |e PE1571 .H84 1988  |h Library of Congress classification  |i unmediated -- volume  |m A14811076150 
998 f f |a PE1571 .H84 1988  |t 0  |l Remote Storage